• 首页
  • 本馆介绍
  • 公告通知
  • 最新文献
  • 馆藏检索
  • 电子资源
  • 读者导购
  • 参考咨询
  • 我的图书馆
  • 登录
  • 详细信息显示
  • 放入我的书架
  • 预约/预借图书
  • 作者相关作品
  • 分类相关作品
  • 丛书相关作品
  • 出版社相关作品

书目信息

  • 表格格式
  • 工作单格式
  • 卡片格式
题名:
音乐·视像
    
 
作者: 赵波 编著
分册:  
出版信息: 重庆   重庆出版社  2005
页数: 221页
开本: 21cm
丛书名:
单 册:
中图分类: J617.6 , J911
科图分类:
主题词: 电视(艺术)--音乐--导演艺术 , 电视(艺术) , 导演艺术 , 音乐
电子资源:
ISBN: 7-5366-7193-8
000 01099nam0 2200289 450
001 003064703
005 20070806093429.46
010    @a7-5366-7193-8@dCNY68.00
100    @a20060104d2005 em y0chiy0110 ea
101 0  @achi
102    @aCN@b500000
105    @aa z 000yy
200 1  @a音乐·视像@9yin yue · shi xiang@e15位当代音乐录影带导演全接触@dMusic: vision@e15 contemporary music video directors@f赵波编著@zeng
210    @a重庆@c重庆出版社@d2005
215    @a221页@c照片,图@d21cm
330    @a本书汇聚了来自全球的15位知名音乐录影带导演,通过对他们及其作品的评介,对话访谈,以及大量的作品图片等内容,为读者全面展现了当今音乐录影带行业的创意世界。
510 1  @aMusic: vision@e15 contemporary music video directors@zeng
517 1  @a15位当代音乐录像带导演全接触@915 wei dang dai yin yue lu xiang dai dao yan quan jie chu
606 0  @a电视(艺术)@x音乐@x导演艺术
606 0  @a电视(艺术)
606 0  @a导演艺术
606 0  @a音乐
690    @aJ617.6@v4
690    @aJ911@v4
701  0 @a赵波@9zhao bo@c(音乐)@4编著
801  0 @aCN@bNLC@c20070806
905    @a10447@dJ617.6@e517
    
    音乐·视像:15位当代音乐录影带导演全接触=Music: vision:15 contemporary music video directors/赵波编著.-重庆:重庆出版社,2005
    221页:照片,图;21cm
    
    
    ISBN 7-5366-7193-8:CNY68.00
    本书汇聚了来自全球的15位知名音乐录影带导演,通过对他们及其作品的评介,对话访谈,以及大量的作品图片等内容,为读者全面展现了当今音乐录影带行业的创意世界。
●
相关链接 在E读中查询图书 在五车中查询图书 在当当中查询图书 在豆瓣中查询图书


正题名:音乐·视像     索取号:J617.6/517         预约/预借

序号 登录号 条形码 馆藏地/架位号 状态 备注
1 0806877   208068776   第一样本阅览室/ [索取号:J617.6/517] 在馆    
2 0806878   208068785   第一借阅区/ [索取号:J617.6/517] 在馆    
3 0806879   208068794   第一借阅区/ [索取号:J617.6/517] 在馆    
4 0806880   208068801   第一借阅区/ [索取号:J617.6/517] 在馆    
5 0806881   208068810   密集书库-音乐系/ [索取号:J617.6/517] 在馆    
唐山师范学院图书馆 欢迎您!
大连网信软件有限公司© 版权所有